Going for growth 2012

Salvato in:
Dettagli Bibliografici
Natura: Libro
Lingua:inglese
Pubblicazione: Paris OECD 2012
Serie:Economic policy reforms
Soggetti:
Tags: Aggiungi Tag
Nessun Tag, puoi essere il primo ad aggiungerne!!

MARC

LEADER 00000nam$a2200000$$$4500
001 0167444
005 20240315120656.7
020 |a 978-92-64-16825-1 
041 0 |a eng 
044 |a FR 
245 1 0 |a Going for growth 2012 
264 1 |a Paris  |b OECD  |c 2012 
300 |a 218 s. 
490 1 |a Economic policy reforms 
830 0 |a Economic policy reforms 
610 2 0 |a rast hospodársky 
610 2 0 |a rozvoj hospodársky 
610 2 0 |a kríza hospodárska 
610 2 0 |a kríza finančná 
610 2 0 |a recesia 
610 2 0 |a reformy štruktúrne 
610 2 0 |a politika fiškálna 
610 2 0 |a porovnanie medzinárodné